El crecimiento económico de Bolívar y la Región Caribe, 1980-1996 : (Registro nro. 27941)
[ vista simple ]
| 000 -LEADER | |
|---|---|
| fixed length control field | 01737nam a2200325Ia 4500 |
| 003 - CONTROL NUMBER IDENTIFIER | |
| control field | CO-CtgCURN |
| 005 - DATE AND TIME OF LATEST TRANSACTION | |
| control field | 20250408171907.0 |
| 008 - FIXED-LENGTH DATA ELEMENTS--GENERAL INFORMATION | |
| fixed length control field | 190722s9999 xx 000 0 und d |
| 040 ## - CATALOGING SOURCE | |
| Original cataloging agency | CO-CtgCURN |
| Language of cataloging | spa |
| Transcribing agency | coctgcurn |
| Description conventions | rda |
| 082 ## - DEWEY DECIMAL CLASSIFICATION NUMBER | |
| Classification number | 330.986 |
| Item number | B142c |
| 100 ## - MAIN ENTRY--PERSONAL NAME | |
| Personal name | Báez Ramírez, Javier Eduardo |
| Relator term | autor |
| 9 (RLIN) | 8468 |
| 245 #0 - TITLE STATEMENT | |
| Title | El crecimiento económico de Bolívar y la Región Caribe, 1980-1996 : |
| Remainder of title | la continuación de la divergencia / |
| Statement of responsibility, etc. | Javier Eduardo Báez Ramírez y Jorge Luis Alvis Arrieta |
| 260 ## - PUBLICATION, DISTRIBUTION, ETC. | |
| Place of publication, distribution, etc. | Cartagena de Indias, Bolívar : |
| Name of publisher, distributor, etc. | Universidad Jorge Tadeo Lozano, |
| Date of publication, distribution, etc. | 2006 |
| 300 ## - PHYSICAL DESCRIPTION | |
| Extent | 71 páginas ; |
| Dimensions | 30 centímetros |
| 336 ## - CONTENT TYPE | |
| Source | rdacontent |
| 337 ## - MEDIA TYPE | |
| Source | rdamedia |
| 338 ## - CARRIER TYPE | |
| Source | rdacarrier |
| 490 ## - SERIES STATEMENT | |
| Series statement | Estudios sobre la Costa Caribe; |
| Volume/sequential designation | 8 |
| 500 ## - GENERAL NOTE | |
| General note | Incluye índice |
| 501 ## - WITH NOTE | |
| With note | Incluye referencias bibliográficas (p.68-71) |
| 505 ## - FORMATTED CONTENTS NOTE | |
| Formatted contents note | Cap.1. Desempeño económico departamental y regional, 1980-1996 -- Cap.2. Análisis sectorial del crecimiento económico departamental -- Cap.3. Modelos de crecimiento económico nacional y regional, 1980-1996 -- Cap.4. Educación, infraestructura y estructura sectorial como alternativa al entendimiento de la divergencia regional -- Cap.5. Una contextualización regional de los resultados |
| 521 ## - TARGET AUDIENCE NOTE | |
| Target audience note | AREA SOCIOHUMANISTICA |
| 590 ## - LOCAL NOTE (RLIN) | |
| Local note | Todos los programas académicos |
| 650 ## - SUBJECT ADDED ENTRY--TOPICAL TERM | |
| Topical term or geographic name entry element | Desarrollo económico |
| 9 (RLIN) | 8469 |
| General subdivision | Investigaciones |
| Geographic subdivision | Costa Atlántica |
| 650 ## - SUBJECT ADDED ENTRY--TOPICAL TERM | |
| Topical term or geographic name entry element | Desarrollo económico |
| General subdivision | Investigaciones |
| Geographic subdivision | Bolívar (Colombia) |
| 9 (RLIN) | 8570 |
| 650 ## - SUBJECT ADDED ENTRY--TOPICAL TERM | |
| Topical term or geographic name entry element | Economía |
| 9 (RLIN) | 8470 |
| General subdivision | Investigaciones |
| 700 ## - ADDED ENTRY--PERSONAL NAME | |
| Personal name | Alvis Arrieta, Jorge Luis |
| 9 (RLIN) | 8471 |
| Relator term | autor |
| 942 ## - ADDED ENTRY ELEMENTS (KOHA) | |
| Koha item type | Libros |
| Classification part | 330.986 |
| Item part | B142c |
| Source of classification or shelving scheme | Dewey Decimal Classification |
| Suppress in OPAC | No |
| Withdrawn status | Lost status | Source of classification or shelving scheme | Damaged status | Not for loan | Collection | Home library | Current library | Shelving location | Date acquired | Inventory number | Total checkouts | Full call number | Barcode | Date last seen | Copy number | Price effective from | Koha item type |
|---|---|---|---|---|---|---|---|---|---|---|---|---|---|---|---|---|---|
| Dewey Decimal Classification | General | Miguel Henríquez Castañeda Barranquilla | Miguel Henríquez Castañeda Barranquilla | General | 05/23/2018 | 00802 | 330.986 B142c | 00802 | 07/22/2019 | ej.1 | 07/22/2019 | Libros |